Machines à calculer / (Record no. 166527)

MARC details
000 -LEADER
campo de control de longitud fija 00795nam a22002055i 4500
001 - NÚMERO DE CONTROL
campo de control 166527
003 - IDENTIFICADOR DE NÚMERO DE CONTROL
campo de control ES-MaACL
005 - FECHA Y HORA DE LA ÚLTIMA TRANSACCIÓN
campo de control 20250724074559.0
008 - DATOS DE LONGITUD FIJA--INFORMACIÓN GENERAL
campo de control de longitud fija 050915s1901 fr | |||||||| ||fre d
040 ## - FUENTE DE CATALOGACIÓN
Centro catalogador/agencia de origen CAM
Lengua de catalogación spa
Centro/agencia transcriptor CAM
100 1# - ENTRADA PRINCIPAL--NOMBRE DE PERSONA
Nombre de persona Torres Quevedo, Leonardo,
Fechas asociadas al nombre 1852-1936
9 (RLIN) 111002
245 10 - MENCIÓN DEL TÍTULO
Título Machines à calculer /
Mención de responsabilidad, etc. par L. Torres.
260 ## - PUBLICACIÓN, DISTRIBUCIÓN, ETC.
Lugar de publicación, distribución, etc. Paris :
Nombre del editor, distribuidor, etc. Imprimerie Nationale,
Fecha de publicación, distribución, etc. 1901.
300 ## - DESCRIPCIÓN FÍSICA
Extensión 20 p., 5 h. de lám ;
Dimensiones 29 cm.
595 ## -
-- Mémories présentés par divers savants à l'Académie des Sciences de l'institut National de France, T. XXXII, nº 9.
650 #4 - PUNTO DE ACCESO ADICIONAL DE MATERIA--TÉRMINO DE MATERIA
Término de materia o nombre geográfico como elemento de entrada Calculadoras.
9 (RLIN) 135706
650 #7 - PUNTO DE ACCESO ADICIONAL DE MATERIA--TÉRMINO DE MATERIA
Término de materia o nombre geográfico como elemento de entrada Álgebra
Fuente del encabezamiento o término embne
9 (RLIN) 9720
852 ## - LOCALIZACIÓN
Ubicación ES-MaACL
Número de control de estantería T-992-F-5
Nota libre -- Enc. hol., conservando la cub. original
-- -- Enc. en un vol. facticio
Holdings
Estatus retirado Estado de pérdida Estado de daño No para préstamo Colección Biblioteca de origen Biblioteca actual Ubicación en estantería Fecha de adquisición Total de préstamos Signatura topográfica completa Código de barras Visto por última vez Precio de reemplazo Tipo de ítem Koha
        Colección de folletos Biblioteca del Ateneo de Madrid Biblioteca del Ateneo de Madrid Depósito folletos 17/01/2008   T-992-F-5 1174657 23/02/2023 23/02/2023 Folleto